| 000 | 00732nam a2200265Ia 4500 | ||
|---|---|---|---|
| 003 | OSt | ||
| 005 | 20221005093850.0 | ||
| 006 | a|||||r|||| 00| 0 | ||
| 007 | ta | ||
| 008 | 221004b |||||||| |||| 00| 0 eng d | ||
| 020 | _a0631151923 | ||
| 024 | _a42917 | ||
| 037 | _cTextual | ||
| 040 |
_aCRL _cCRL _beng |
||
| 041 |
_2eng _aeng |
||
| 082 | _aO13,2:g(R4945), 111M7 | ||
| 100 |
_aPoole Adrian _9409108 |
||
| 245 | 0 |
_aTragedy _b Shakespeare and the Greek example |
|
| 260 |
_aOxford _bBasil Blackwell UK _c1987 |
||
| 300 |
_a265p _ccm. |
||
| 650 | _a ENGLISH LITERATURE | ||
| 650 | _aGREEK LITERATURE | ||
| 942 |
_hO13,2:g(R4945), 111M7 _cTEXL _2cc |
||
| 999 |
_c1001025 _d1001025 |
||